000
00292nam a22001097a 4500
008
230621b xxu||||| |||| 00| 0 eng d
082
_a
327.17
_b
UNE 1990
245
_a
UNESCO Yearbook on Peace and Conflict Studies
_b
1988
260
_a
France
_b
UNESCO
_c
1990
300
_a
IX,239p
942
_2
ddc
_c
BK
999
_c
1982
_d
1982